| 000 | 00462nam a22001577a 4500 | ||
|---|---|---|---|
| 005 | 20231129100901.0 | ||
| 008 | 231129b |||||||| |||| 00| 0 eng d | ||
| 041 | _aEnglish | ||
| 082 | _a340.07 AME | ||
| 100 | _lEnglish | ||
| 245 |
_aAttaining Excellence in CLE : _bStandards for Quality and Methods for Evaluation |
||
| 260 | _c1999 | ||
| 300 |
_b82 pages ; _c 28 cm. |
||
| 650 |
_aLegal practice _bLaw |
||
| 942 |
_cBK _6ALISON_BN_VRIES |
||
| 999 |
_c1045 _d1045 |
||